Unlikely Lovers - Falsettos lyrics - Statistics

General Stats
  • This quiz has been taken 22 times
  • The average score is 290 of 379
Answer Stats
Answer % Correct
a
100%
I
100%
love
100%
lover
100%
lovers
100%
we
100%
in
90%
just
90%
me
90%
not
90%
that
90%
two
90%
unlikely
90%
you
90%
your
90%
and
80%
as
80%
at
80%
bad
80%
be
80%
but
80%
come
80%
died
80%
do
80%
don't
80%
end
80%
four
80%
get
80%
go
80%
have
80%
haven't
80%
hear
80%
him
80%
home
80%
I'm
80%
it
80%
it's
80%
old
80%
on
80%
or
80%
passionately
80%
please
80%
pretend
80%
reply
80%
scared
80%
stay
80%
the
80%
time
80%
to
80%
up
80%
us
80%
want
80%
Who'd
80%
who'd
80%
would
80%
yet
80%
are
70%
around
70%
awful
70%
baby
70%
back
70%
bed
70%
blue
70%
bring
70%
did
70%
drink
70%
feeling
70%
for
70%
friends
70%
good
70%
here
70%
he's
70%
horny
70%
if
70%
is
70%
kicking
70%
know
70%
let's
70%
like
70%
look
70%
maybe
70%
morbid
70%
nothing
70%
oh
70%
one
70%
our
70%
sick
70%
sky
70%
spot
70%
staying
70%
this
70%
thought
70%
tired
70%
together
70%
too
70%
trees
70%
visit
70%
waiting
70%
we'll
70%
what
70%
whether
70%
alright
60%
arm
60%
can't
60%
clue
60%
dead
60%
Earth
60%
eat
60%
fear
60%
feet
60%
goodnight
60%
group
60%
help
60%
hold
60%
hover
60%
I've
60%
little
60%
marvin
60%
mouth
60%
my
60%
need
60%
of
60%
right
60%
said
60%
sailor
60%
shh
60%
shut
60%
sleep
60%
sleeping
60%
something
60%
soundly
60%
sweet
60%
there's
60%
There's
60%
think
60%
till
60%
tv
60%
vow
60%
weather
60%
whizzer
60%
will
60%
you're
60%
believe
50%
beneath
50%
by
50%
each
50%
face
50%
failed
50%
farm
50%
fuss
50%
gee
50%
heart
50%
hit
50%
louise
50%
say
50%
side
50%
slap
50%
stop
50%
turn
50%
what's
50%
who's
50%
winter
50%
with
50%
am
40%
buy
40%
fight
40%
geez
40%
met
40%
No matching quizzes found
Score Distribution
Percent of People with Each Score
Percentile by Number Answered
Your Score History
You have not taken this quiz